000 03044nam0a2200421 4500
001 RU\NLR\bibl\1183772
005 20260407174243.0
010 _a978-593962-231-8
_9150
021 _aRU
_b2007-86115
_94649
035 _a(nilc)RSL-KNO-003369636
035 _a(NLR Aleph) 001170359
090 _a1593433
_c1593433
100 _a20071205d2006 |||y0rusy50 ca
101 0 _arus
102 _aRU
105 _aa |||||||||
200 1 _aЭнергоресурсоэффективность и энергосбережение в Республике Татарстан
_eсборник докладов VII Международного симпозиума "Энергоресурсоэффективность и энергосбережение", 5-7 декабря 2006 г., [г. Казань
_fсост.: М.К. Антипин и др.
_gпод общ. ред. д.т.н., проф. Е.В. Мартынова]
210 _aКазань
_cЦентр инновационных технологий
_d2006
215 _a551 с.
_cил., портр.
_d20
300 _aВ надзаг.: Каб. Министров Респ. Татарстан, М-во экономики и пром-сти Респ. Татарстан, Центр энергосберегающих технологий Респ. Татарстан при Каб. Министров Респ. Татарстан
320 _aБиблиогр. в конце докл.
320 _aАлф. указ.: с. 550-551
606 1 _aЭнергетические ресурсы
_jСъезды, совещания и т.п.
_xЭкономия
_yТатарстан, Республика
_92124957
_3RU\NLR\auth\661282733
610 0 _aЭнергетика -- Энергетическое хозяйство. Энергоснабжение -- Экономия энергии и нормирование расхода -- Экономия и рациональное использование энергии -- Материалы конференции
610 0 _aЭкономика -- Российская Федерация -- Республика Татарстан -- Электроэнергетика -- Энергосбережение -- Материалы конференции
686 _aЗ190.73я431(0)
_2rubbk
686 _aУ9(2Р-6Т)305.70-554.081я431(0)
_2rubbk
686 _aЗ190.73я431(0)
686 _aУ9(2)-554.081(2Р-6Т)я431
702 1 _aАнтипин
_bМ. К.
_gМихаил Константинович
_4220
702 1 _4340
_8rus
_7ca
_aМартынов
_bЕ. В.
_cд-р техн. наук
_f1953-
_gЕвгений Васильевич
_3RU\NLR\auth\77108696
_991621
711 1 2 _a"Энергоресурсоэффективность и энергосбережение", международный симпозиум
_d7
_f2006
_eКазань
_3RU\NLR\AUTH\8810111597
_9722984
801 0 _aRU
_bРКП
_c20071205
_grcr
801 1 _aRU
_bРГБ
_c20071205
801 2 _aRU
_bNLR
_c20080205
_grcr
942 _cBOOK
980 _aNB